Stati che iniziano con la I - Statistics

Statistiche generali
  • Questo quiz è stato fatto 194 volte
  • Il punteggio medio è 8 su 10
Statistiche sulle risposte
Superficie (km²) Popolazione (ab.) Stato % Corretto
302 073 58 833 079 Italia
94%
3 287 263 1 418 071 492 India
93%
70 273 4 977 400 Irlanda
92%
103 000 368 010 Islanda
89%
1 904 569 281 645 964 Indonesia
87%
1 648 195 86 131 847 Iran
85%
438 317 42 058 736 Iraq
84%
181 55 000 Isole Marshall
61%
20 770 9 190 200 Israele
61%
28 450 721 455 Isole Salomone
57%
Nessun quiz corrispondente trovato
Distribuzione punteggi
Percentuale di utenti per punteggio
Percentile per numero di risposta
I tuoi punteggi nel tempo
Non hai fatto questo quiz